Statistics for FIFA Ballon D'Or 2018

Click here to take the quiz!

General Stats

  • This quiz has been taken 509 times
  • The average score is 18 of 21

Answer Stats

RankPlayerClub% Correct
2Cristiano RonaldoReal Madrid/Juventus
100%
5Lionel MessiBarcelona
99%
4Kylian MbappéPSG
98%
1Luka ModrićReal Madrid
98%
6Mohamed SalahLiverpool
98%
12NeymarPSG
95%
3Antoine GriezmannAtletico Madrid
94%
10Harry KaneTottenham
93%
18Karim BenzemaReal Madrid
90%
8Eden HazardChelsea
89%
13Luis SuarezBarcelona
87%
17Gareth BaleReal Madrid
85%
9Kevin De BruyneManchester City
85%
21Sergio RamosReal Madrid
84%
14Thibaut CourtoisChelsea/Real Madrid
82%
16Sergio AgueroManchester City
81%
11N'Golo KantéChelsea
76%
7Raphael VaraneReal Madrid
74%
15Paul PogbaManchester United
72%
19Roberto Firmino Liverpool
70%
20Ivan RakitićBarcelona
47%

Score Distribution

Percentile by Number Answered

Percent of People with Each Score

Your Score History

You have not taken this quiz